[Event "IECG CF.2001.0.00007 email"]
[Site "IECG email"]
[Date "2001.07.18"]
[Round "?"]
[White "Kulik, Vadim"]
[Black "Rios, Jorge"]
[Result "1-0"]
[WhiteElo "1108"]
[BlackElo "1044"]
[PlyCount "67"]
[EventDate "2001.07.18"]
[EventType "tourn (corr)"]
[EventRounds "6"]
[SourceTitle "Corr 2008"]
[Source "ChessBase"]
[SourceDate "2008.06.24"]
[SourceVersion "1"]
[SourceVersionDate "2008.06.24"]
[SourceQuality "1"]

1. d4 Nf6 2. c4 g6 3. Nc3 Bg7 4. Nf3 d6 5. e4 0-0 6. Bd3 Bg4 7. Be3 e5 8. d5 Na6 9. h3 Bxf3 10. Qxf3 Nd7 11. a3 Nac5 12. Bc2 a5 13. Rb1 Nb6 14. b3 Qd7 15. 0-0 f5 16. Bxc5 dxc5 17. Qe3 Qe7 18. exf5 gxf5 19. f3 Rae8 20. Nb5 Nc8 21. Rf2 b6 22. g4 fxg4 23. hxg4 Rf4 24. Rh2 h6 25. Re1 Nd6 26. Nxd6 cxd6 27. Rh5 Qf8 28. Be4 Bf6 29. Re2 Bg5 30. Qc3 Qe7 31. Rb2 Qc7 32. b4 cxb4 33. axb4 Rc8 34. Rc2 1-0

[Event "IECG CF.2001.0.00007 email"]
[Site "IECG email"]
[Date "2001.07.18"]
[Round "?"]
[White "Rios, Jorge"]
[Black "Kyllo, Richard"]
[Result "1-0"]
[WhiteElo "1044"]
[BlackElo "1006"]
[PlyCount "29"]
[EventDate "2001.07.18"]
[EventType "tourn (corr)"]
[EventRounds "6"]
[SourceTitle "Corr 2008"]
[Source "ChessBase"]
[SourceDate "2008.06.24"]
[SourceVersion "1"]
[SourceVersionDate "2008.06.24"]
[SourceQuality "1"]

1. e4 c5 2. Nf3 e6 3. d4 cxd4 4. Nxd4 Nc6 5. Nc3 Qc7 6. Be3 Nf6 7. Be2 a6 8. 0-0 b5 9. Nxc6 dxc6 10. f4 Bb7 11. e5 Nd5 12. Nxd5 cxd5 13. c3 b4 14. cxb4 Bxb4 15. Qa4+ 1-0

[Event "IECG CN.1999.0.00154"]
[Site "IECG email"]
[Date "1999.10.20"]
[Round "?"]
[White "Thorp, Jeremy"]
[Black "Rios, Jorge"]
[Result "1/2-1/2"]
[WhiteElo "800"]
[BlackElo "800"]
[PlyCount "44"]
[EventDate "1999.10.20"]
[EventType "tourn (corr)"]
[EventRounds "6"]
[SourceTitle "Corr 2008"]
[Source "ChessBase"]
[SourceDate "2008.06.24"]
[SourceVersion "1"]
[SourceVersionDate "2008.06.24"]
[SourceQuality "1"]

1. e4 e6 2. c3 d5 3. e5 c5 4. d4 Nc6 5. Nf3 Qb6 6. Be2 cxd4 7. cxd4 Nh6 8. Nc3 Nf5 9. b3 Bb4 10. Bb2 Ncxd4 11. Nxd4 Nxd4 12. 0-0 Nxe2+ 13. Nxe2 Bd7 14. Bd4 Qa5 15. a4 0-0 16. Qd3 Rfc8 17. Nf4 Bc3 18. Rad1 Bxd4 19. Qxd4 Qc3 20. Qxc3 Rxc3 21. Rb1 Rac8 22. Ne2 Rd3 1/2-1/2